000 00305nam a22001337a 4500
008 170529b xxu||||| |||| 00| 0 eng d
020 _a33596
041 _aeng
080 _a621
100 _a27
101 _aIM
245 _aPROBLEMS ON THE DESIGN OF MACHINE ELEMENTS
_cWINGREN, R.M
942 _2udc
_cBK
999 _c14777
_d14777